00460nam a2200181Ia 450000500170000000800410001702000220005804100080008008200160008810000100010424500270011425000110014126000420015230000090019450000280020365000270023170000200025820230502190954.0230125s9999 xx 000 0 und d a978-93-5097-141-3 aeng a658.45bRAI aRai U aBusiness Communication a9th ed c2013bHimalaya Publishing HouseaPune a426p aBusiness Communication  aBusiness Communication aRai U & Rai S M